MARC

LEADER 00000nas a2200000 i 4500
001 ssj0001339377
003 WaSeSS
005 20200512172242.0
006 m d
007 cr n
008 110210c20079999bl qr p s 0 0por c
010 |a  2014238806 
022 |a 1982-2596  |l 1982-2596 
035 |a (WaSeSS)ssj0001339377 
040 |a AU@  |b eng  |c AU@  |d OCLCQ  |d CUS  |d IUL  |d CUS  |d OCLCF  |d OCLCO  |d WaSeSS 
041 0 |a por  |b por  |b eng 
042 |a pcc 
050 1 4 |a HD28  |b .R48 
210 0 |a Rev. Pensam. Contemp. Adm. 
222 0 |a Revista Pensamento Contemporâneo em Administração 
245 0 0 |a Revista pensamento contemporâneo em administração  |h [electronic resource]. 
246 1 |a RPCA 
260 |a Niterói, Brazil :  |b Universidade Federal Fluminense, Faculdade de Administração, Ciências Contábeis e Turismo 
310 |a Quarterly,  |b 2012- 
321 |a 3 issues yearly,  |b 2007-2011 
506 |a License restrictions may limit access. 
546 |a Articles in Portuguese; abstracts in Portuguese and English. 
588 |a Description based on: V. 1, n. 1 (set./dez. 2007); title from publisher's Web site (viewed September 22, 2014). 
588 |a Latest issue consulted: V. 8, n. 2 (abr./jun. 2014) (viewed September 22, 2014). 
650 0 |a Industrial management  |v Periodicals. 
650 0 |a Management  |v Periodicals. 
650 7 |a Industrial management.  |2 fast  |0 (OCoLC)fst00971246 
650 7 |a Management.  |2 fast  |0 (OCoLC)fst01007141 
655 0 |a Electronic journals. 
710 2 |a Universidade Federal Fluminense.  |b Faculdade de Administração, Ciências Contábeis e Turismo. 
856 4 0 |z Full text available from Research Library: 10/01/2013 to present  |u https://search.proquest.com/publication/2032639